Interpretazione e legalità costituzionale: antologia per una didattica progredita

Saved in:
Bibliographic Details
Main Author: Perlingieri, Pietro (Author)
Format: Book
Language:Italian
Published: Nápoles Edizioni Scientifiche Italiane 2012
Edition:1a. ed
Subjects:
Tags: Add Tag
No Tags, Be the first to tag this record!

MARC

LEADER 00000cam a2200000 a 4500
001 UCE4962
003 CL-VaPUC
008 141120e20120000it |||||||||||||||||ita|d
020 |a 9788849523287 
082 0 4 |a 342.45  |b PER  |2 21 
100 0 |a Perlingieri, Pietro  |e author  |9 577440 
245 1 0 |a Interpretazione e legalità costituzionale: antologia per una didattica progredita 
250 |a 1a. ed 
300 |a 504 p 
942 |c BK 
945 |d 20141120 11:52:00  |a arojas 
260 |a Nápoles  |b Edizioni Scientifiche Italiane  |c 2012 
650 0 |a Derecho constitucional   |9 222588 
650 0 |a Justicia constitucional   |9 470037 
651 0 |a Italia  |9 254949 
583 |a last modification  |c 20141120 11:52:00  |k Rodrigo Vera 
999 |c 357816  |d 357814 
952 |0 0  |1 0  |3 erd  |4 0  |6 342_450000000000000_PER_2012  |7 0  |8 A  |9 465909  |a BIBDER  |b BIBDER  |i 5125774  |o 342.45 PER 2012  |p 5125774  |r 2023-01-25  |w 2019-11-23  |y BK  |z Catalogado en:20141120  |k DER